Languages with the most words - Statistics

General Stats
  • This quiz has been taken 22 times
  • The average score is 7 of 10
Answer Stats
Hint Answer % Correct
470,000 English
90%
500,000 Japanese
85%
1,149,538 Korean
85%
220,000 Russian
85%
93.000 Spanish
80%
120,000 Arabic
70%
378,103 Chinese
70%
818,000 Portuguese
65%
500,000 Italian
60%
1,533,669 Tamil
30%
No matching quizzes found
Score Distribution
Percent of People with Each Score
Percentile by Number Answered
Your Score History
You have not taken this quiz